00246 a2200109 4500001000700000020000600007040001100013100002600024240004100050245003600091362000900127174667 a  cMagnum aDavidson, Alice Joyce10aA historia da ovelha desgarradalpor10aA historia da ovelha desgarrada0 a1899